[Event "Budapest FS06 FM-C"]
[Site "Budapest"]
[Date "2009.06.16"]
[Round "11"]
[White "Fabian, Csaba"]
[Black "Szoukup, Istvan"]
[Result "1-0"]
[WhiteElo "1882"]
[BlackElo "1839"]
[PlyCount "69"]
[EventDate "2009.06.06"]
[EventType "tourn"]
[EventRounds "11"]
[EventCountry "HUN"]
[SourceTitle "CBM 130 Extra"]
[Source "ChessBase"]
[SourceDate "2009.07.02"]
[SourceVersion "2"]
[SourceVersionDate "2009.07.15"]
[SourceQuality "1"]

1. d4 Nf6 2. Bf4 e6 3. e3 b6 4. Qf3 d5 5. Bd3 Nbd7 6. Nd2 c5 7. c3 Be7 8. e4 0-0 9. e5 Ne8 10. Qg3 Bh4 11. Qh3 f5 12. Ngf3 Be7 13. g4 g5 14. Be3 Ng7 15. Rg1 h5 16. gxf5 g4 17. Qg3 exf5 18. Bh6 h4 19. Qg2 h3 20. Qg3 Nh5 21. Qxh3 Ng7 22. Qg2 Rf7 23. Bxg7 Rxg7 24. Bxf5 Nxe5 25. Bxc8 Nxf3+ 26. Nxf3 Rxc8 27. 0-0-0 cxd4 28. Nxd4 Qd6 29. Kb1 Qg6+ 30. Ka1 Rf8 31. Qxd5+ Rgf7 32. h3 Kh8 33. Rxg4 Rf5 34. Nxf5 Qxf5 35. Qxf5 1-0

[Event "Budapest FS06 FM-C"]
[Site "Budapest"]
[Date "2009.06.14"]
[Round "9"]
[White "Fabian, Csaba"]
[Black "Bense, David Balazs"]
[Result "1-0"]
[WhiteElo "1882"]
[BlackElo "1511"]
[PlyCount "87"]
[EventDate "2009.06.06"]
[EventType "tourn"]
[EventRounds "11"]
[EventCountry "HUN"]
[SourceTitle "CBM 130 Extra"]
[Source "ChessBase"]
[SourceDate "2009.07.02"]
[SourceVersion "2"]
[SourceVersionDate "2009.07.15"]
[SourceQuality "1"]

1. d4 Nf6 2. Bf4 g6 3. e3 Bg7 4. c3 0-0 5. Nf3 d6 6. Be2 c6 7. 0-0 Bg4 8. Nbd2 Nbd7 9. h3 Bxf3 10. Bxf3 Rc8 11. Qb3 Qb6 12. Rfe1 Rfe8 13. Nc4 Qxb3 14. axb3 a6 15. b4 e5 16. Bg5 h6 17. Bxf6 Bxf6 18. Nxd6 exd4 19. Nxe8 Rxe8 20. exd4 Rd8 21. Re2 Nb6 22. b3 Kf8 23. Rae1 Nd5 24. Bxd5 cxd5 25. g3 Rc8 26. Re3 Bg7 27. f4 Bf6 28. h4 b6 29. Ra1 Rxc3 30. Rxc3 Bxd4+ 31. Kg2 Bxc3 32. Rxa6 Bd4 33. Kf3 Ke7 34. Ra2 Kd6 35. Ra7 Ke6 36. g4 f6 37. Rh7 Bc3 38. Rxh6 Kf7 39. Rh7+ Kg8 40. Rb7 Bd4 41. b5 Bc5 42. Rd7 d4 43. Ke4 Kf8 44. f5 1-0

[Event "Budapest FS06 FM-C"]
[Site "Budapest"]
[Date "2009.06.10"]
[Round "5"]
[White "Papp, Jozsef1111"]
[Black "Fabian, Csaba"]
[Result "1/2-1/2"]
[WhiteElo "1855"]
[BlackElo "1882"]
[PlyCount "118"]
[EventDate "2009.06.06"]
[EventType "tourn"]
[EventRounds "11"]
[EventCountry "HUN"]
[SourceTitle "CBM 130 Extra"]
[Source "ChessBase"]
[SourceDate "2009.07.02"]
[SourceVersion "2"]
[SourceVersionDate "2009.07.15"]
[SourceQuality "1"]

1. Nf3 d5 2. d4 Bf5 3. e3 e6 4. a3 Nf6 5. Bd3 Bg4 6. h3 Bh5 7. Nbd2 Nbd7 8. b3 Bd6 9. Bb2 c6 10. Be2 Rc8 11. 0-0 0-0 12. Rc1 Qa5 13. c4 Bb8 14. Nh2 Bxe2 15. Qxe2 Qc7 16. f4 g6 17. Nhf3 Nh5 18. Qf2 Qd8 19. Qh4 Qe8 20. g4 Ng7 21. Ng5 h5 22. a4 Bd6 23. gxh5 Nxh5 24. Qg4 Be7 25. h4 Qd8 26. Ngf3 Nhf6 27. Qh3 Kg7 28. Kf2 Rh8 29. Rh1 Rh5 30. Qg3 Qa5 31. Bc3 Qb6 32. c5 Qc7 33. Rcg1 Rch8 34. Ng5 Nh7 35. Nxe6+ fxe6 36. Qxg6+ Kf8 37. Qg7+ Ke8 38. Qxh8+ Ndf8 39. Qg8 Qd8 40. Nf3 Nf6 41. Qg7 Ne4+ 42. Ke1 Nxc3 43. Ne5 Rf5 44. h5 b6 45. b4 Ne4 46. h6 Rxe5 47. fxe5 Ng5 48. h7 Nfxh7 49. Rxh7 Nxh7 50. Qxh7 bxc5 51. dxc5 Kd7 52. Qg8 Qc7 53. Rg6 Qxe5 54. Ke2 Qe4 55. Qf7 Qc2+ 56. Kf1 Qd3+ 57. Kf2 Qd2+ 58. Kf3 Qd1+ 59. Kg2 Qc2+ 1/2-1/2